LEADER 01186nam a2200277 u 4500 001 000000078904 003 CaOOAMICUS 005 20070226123500.0 008 040518s1991 it u000 u ita u 020 $a887078178X 035 $a10995733 040 $aPUL$bita 100 1 $aFormenti, Carlo,$d1947-$0(OLS)http://pul/name/52574 245 10$aPiccole apocalissi :$btracce della divinitą nell'ateismo contemporaneo /$cCarlo Formenti. 260 $aMilano :$bRaffaello Cortina Editore,$cc1991. 300 $axvi, 193 p. ;$c20 cm 490 1 $aMinima ;$v4 504 $aComprende bibliografia. 650 4$aCristianesimo e ateismo.$0(OLS)http://pul/subject/407 830 0$aMinima (Raffaello Cortina) ;$v4.$0(OLS)http://pul/title/82330 850 $aPUL 852 $aPUL$W1$xSL Religione 1$y3$m58 L 85$j101097$nBK-PRI$b $qStampati$B101097$CPULBib$Z2$F101097 $HPUL87264 $81 941 1 $a8 996 $6020$a887078178X$9(OLS)http://pul/number/103498 996 $6245$aPiccole apocalissi :$btracce della divinitą nell'ateismo contemporaneo$9(OLS)http://pul/title/103288 996 $6260$aMilano :$bRaffaello Cortina Editore$9(OLS)http://pul/publisher/66603 LEADER 01282nam a2200325 a 4500 001 000000171404 003 CaOOAMICUS 005 20190128114453.0 008 190128s2018 it u000 u ita r 020 $a978-88-13-36645-2* 032 $aLibriCat 040 $aPUL$bita 082 04$a340.2 100 1 $aGuarneri, Attilio.$0(OLS)http://pul/name/84319 245 10$aLineamenti di diritto comparato /$cAttilio Guarneri. 250 $a8.ed. 260 $aMilanofiori Assago :$bWolters Kluwer,$c©2018$aPadova :$bCEDAM 300 $aX, 516 p.;$c21 cm 500 $aInclude indice. 504 $aBibliografia in nota. 650 4$aDiritto comparato$zItalia.$0(OLS)http://pul/subject/39127 850 $aPUL 852 $aPUL$W1$xSL Diritto e Scienze Sociali 3$y79$m340. 2 GUAAT 2$j195096$qDDC 21$B199996$CPULBib$Z2$F199996 $H132133 $81 941 1 $a9 996 $6020$a978-88-13-36645-2*$9(OLS)http://pul/number/165662 996 $6082$a340.2$9(OLS)http://pul/classification/1934 996 $6245$aLineamenti di diritto comparato$9(OLS)http://pul/title/165883 996 $6260$aMilanofiori Assago :$bWolters Kluwer$9(OLS)http://pul/publisher/81463 996 $6260$aPadova :$bCEDAM$9(OLS)http://pul/publisher/48126